000 01153nam0a22002531 4500
001 rc\4231557
005 20130416110916.2
035 _a(NLR Aleph) 008226802
090 _a8191020
_c8191020
100 _a20130416d1968 |||y0rusy50 ca
101 0 _arus
102 _aRU
105 _ay z |||||
200 1 _aАгрометеорологический обзор сельскохозяйственного года по Брянской области (за период с октября 1967 г. по октябрь 1968 г.)
_fГл. упр. гидрометеорол. службы при Совете Министров СССР. Брян. гидрометеорол. станция. Упр. гидрометеослужбы ЦЧО
210 _aБрянск
_cБ. и.
_d[1968]
215 _a24 с.
_d21
300 _aНа с. 20-й сост.: инж.-агрометеоролог Савинов В.С.
333 _aДля служебного пользования. Экз. № 8
702 1 _aСавинов
_bВ. С.
_4220
801 0 _aRU
_bNLR
_gpsbo
801 1 _aRU
_bELAR
_2rusmarc
852 _aNLR
_j50К/17940
942 _cBOOK
980 _aNB